Treasure hunt with Countries - Statistics

General Stats
  • This quiz has been taken 78 times
  • The average score is 8 of 15
Answer Stats
Hint Answer % Correct
Move North-West Kazakhstan
96%
Move West Russia
90%
Cross the northernmost border on the West Norway
77%
Move East Sweden
73%
Cross a 8km bridge Denmark
71%
Cross the only land border Germany
67%
Move South-West Belgium
63%
Cross the northernmost border on the West Netherlands
63%
Move South-West France
60%
Cross a 50km tunnel United Kingdom
48%
Move North-West by sea Iceland
42%
Move South-West by sea Canada
27%
Move West United States
21%
Move West Russia
19%
Move South East China
17%
No matching quizzes found
Score Distribution
Percent of People with Each Score
Percentile by Number Answered
Your Score History
You have not taken this quiz